000 00348nam a2200145 i 4500
001 bg
100 1 _aWOODS, L. C.
245 0 _aThe Thermodynamics of Fluid Systems /
_cL.C. Woods.
260 _aOxford :
_bClarendon Press,
_c1975.
040 _cBPK
041 _apol
080 _a536
942 _cKS
008 s pl f |000 0 pol
999 _c22640
_d22640
856 _uhttp://koha.tu.koszalin.pl/cgi-bin/koha/opac-detail.pl?biblionumber=22640
_yKatalog online BPK